000 00285nam a2200121Ia 4500
008 190216s9999||||xx |||||||||||||| ||und||
100 _aThulasi
245 0 _aEe Hridayam Poovanau
260 _bPoorna Pubs Kozhikode
_c1987
300 _a121p
650 _aMalayalam Novel
942 _cBK
999 _c27403
_d27403